Direct-current machinery / (Record no. 180547)

000 -LEADER
fixed length control field 00860 a2200181 4500
003 - CONTROL NUMBER IDENTIFIER
control field Nust
005 - DATE AND TIME OF LATEST TRANSACTION
control field 20221031085115.0
040 ## - CATALOGING SOURCE
Transcribing agency Nust
082 ## - DEWEY DECIMAL CLASSIFICATION NUMBER
Classification number 621.3132,BLA
100 ## - MAIN ENTRY--PERSONAL NAME
Personal name Blalock, Grover C.
9 (RLIN) 101724
245 ## - TITLE STATEMENT
Title Direct-current machinery /
Statement of responsibility, etc. Grover C, Blalock
250 ## - EDITION STATEMENT
Edition statement 1st ed
260 ## - PUBLICATION, DISTRIBUTION, ETC.
Place of publication, distribution, etc. McGraw-Hill Book
Name of publisher, distributor, etc. New York
Date of publication, distribution, etc. 1947
300 ## - PHYSICAL DESCRIPTION
Extent xi, 367 p
Other physical details illus
Dimensions 21 cm
505 ## - FORMATTED CONTENTS NOTE
Formatted contents note Electromagnetic induction (Page-1), Armature windings (Page-38), Commutation armature reaction (Page-63), Operation of generator (Page-87), Generator characteristics(Page-108), Direct-current motors (Page-134), Motor control(Page-168), Losses efficiencies (Page-214), Rating weight and costs (Page-240), Special types and applications (Page-255), Testing and maintenance (Page-283), Batteries (Page-317).
650 ## - SUBJECT ADDED ENTRY--TOPICAL TERM
Topical term or geographic name entry element DC machinery
9 (RLIN) 101725
942 ## - ADDED ENTRY ELEMENTS (KOHA)
Source of classification or shelving scheme
Koha item type Book
Holdings
Withdrawn status Lost status Source of classification or shelving scheme Damaged status Not for loan Permanent Location Current Location Shelving location Date acquired Full call number Barcode Date last seen Price effective from Koha item type Public note
          Military College of Signals (MCS) Military College of Signals (MCS) General Stacks 12/12/2016 621.3132,BLA MCS5820 12/08/2016 12/12/2016 Book Almirah No.29, Shelf No.2
© 2023 Central Library, National University of Sciences and Technology. All Rights Reserved.